000 00600nam a2200181Ia 4500
003 GCL
008 140319s9999 xx 000 0 ara d
040 _aGCL /
_cGCL
082 0 4 _a891.7
_bا ق
100 1 _aمحمد مفيد الشوباش
245 1 0 _aروايتان قصيرتان أسيا وجداول الربيع /
_cمحمد مفيد الشوباش
700 1 _aتورجينيف، ايفان
300 _a336 ص
490 _aمطبوعات الشرق
_v0
650 0 4 _aالقصة الروسية المترجمة
650 0 4 _aالادب الروسى المترجم
942 _2ddc
_cBK
999 _c39990
_d39990